| 000 | 00507nam a2200157 a 4500 | ||
|---|---|---|---|
| 001 | 000038411 | ||
| 005 | 20201002031244.0 | ||
| 008 | 130411s2006 000 spa d | ||
| 040 |
_aDO-SdBNP _bspa _cBNPHU |
||
| 100 | 1 |
_aVentura Muñoz, Eduardo _929603 |
|
| 245 | 1 | 0 |
_aMatemática superior I / _cEduardo Ventura Muñoz, Roberto Morel. |
| 260 |
_aSanto Domingo : _bUCSD , _c2006. |
||
| 300 |
_a184 p. : _bil. ; _c21 cm. |
||
| 700 | 1 |
_aMorel, Roberto _929572 |
|
| 710 | 1 |
_aUniversidad Católica Santo Domingo _91478 |
|
| 999 |
_c37901 _d37901 |
||